000 01400nam a2200373 a 4500
001 000109154
003 CHAP
005 20220329144039.0
008 140407s2013 mx a sm |||||||spa d
010 _a105616
011 _a106588
040 _cCHAP
090 _aTesis
100 1 _aRamírez Santamaría, Lilia
_9126296
245 1 0 _aInsectos fitófagos en las especies de ensinos del parque Africam en Tecali de Herrera, Puebla /
_h[En línea]
_cLilia Ramírez Santamaría.
260 _aChapingo, Méx. :
_bEl autor.,
_c2013.
500 _aPara ver el contenido del material haga clic en la liga
502 _aTesis (M.C. en Ciencias Forestales) -- UACH. División de Ciencias Forestales
590 _aBATCH-UPD
_b05
_c20140407
_lUCH01
_h1344
590 _aBATCH-UPD
_b10
_c20141002
_lUCH01
_h0859
590 _aE11695DGD
_b10
_c20140410
_lUCH01
_h1104
590 _aE11695DGD
_b10
_c20141103
_lUCH01
_h0901
590 _aE5652GLJ
_b05
_c20140407
_lUCH01
_h1344
590 _aE5652GLJ
_b05
_c20140407
_lUCH01
_h1344
650 1 4 _aÁrboles
_xPlagas.
_982440
650 1 4 _aCynipidae
_xHábitos y conducta.
_9126301
650 1 4 _aCynipidae
_xIdentificación.
_9126300
650 1 4 _aInsectos
_xControl.
_958908
650 1 4 _aInsectos
_xFisiología y morfología.
_958921
856 _aFinding aid
_uhttp://10.13.5.2/tesis/sist109154.pdf
_zTeclea aquí
901 _aBK
942 _cTESIS
942 _n0
999 _c105616
_d105616